Teaching law by design for adjuncts

Sábháilte in:
Sonraí bibleagrafaíochta
Príomhchruthaitheoir: Sparrow, Sophie M.
Údar corparáideach: Hess, Gerald F.
Rannpháirtithe: Schwartz, Michael Hunter
Formáid: Anaithnid
Teanga:Béarla
Foilsithe / Cruthaithe: Durham, NC., USA Carolina Academic Pres 2017
Eagrán:Second edition
Ábhair:
Clibeanna: Cuir clib leis
Níl clibeanna ann, Bí ar an gcéad duine le clib a chur leis an taifead seo!

MARC

LEADER 00000 a2200000 4500
003 CL-VaPUC
005 20201120204250.0
008 201120b ||||| |||| 00| 0 eng d
999 |c 431693  |d 431691 
020 |a 9781611637021 
040 |c Pontificia Universidad Católica de Valparaíso 
082 |a 340.071 SCH 2017 
100 |a Sparrow, Sophie M.  |9 856494 
245 |a Teaching law by design for adjuncts 
250 |a Second edition  
260 |a Durham, NC., USA   |b Carolina Academic Pres  |c 2017 
300 |a 202 páginas  
583 |k Cristina Rojas  |c 20201120 
650 |a Derecho   |x Estudio y enseñanza   |9 858328 
651 |a Profesores de derecho   |x Orientacion vocacional   |9 858332 
700 |a Schwartz, Michael Hunter  |9 856494 
710 |a Hess, Gerald F.   |9 858333 
852 |a BIBCUR 
942 |2 ddc  |c BK 
952 |0 0  |1 0  |2 ddc  |4 0  |6 340_071000000000000_SCH_2017  |7 0  |8 A  |9 576960  |a BIBDER  |b BIBDER  |d 2020-11-20  |e 3  |g 30964.00  |i 5577969  |o 340.071 SCH 2017  |p 5577969  |r 2023-01-25  |t 1  |v 30964.00  |w 2020-11-20  |y BK  |k DER